1873 1428 1336 1045 1263 1099 1193 1245 1620 1670 1077 1752 1597 1978 1530 1918 1981 1261 1461 1745 1323 1589 1162 1730 1742 1877 1987 1870 1397 1172 1693 1329 1435 1991 1897 1621 1578 1738 1043 1523 1867 1605 1027 1437 1320 1351 1699 1687 1270 1030 1411 1387 1861 1730 1592 1689 1652 1312 1768 1104 1359 1102 1134 1191 1466 1572 1874 1867 1084 1638 1850 1135 1621 1181 1197 1477 1741 1614 1368 1279 1027 1712 1811 1635 1176 1571 1599 1528 1153 1608 1996 1907 1665 1611 1325 1868 1742 1254 1157 BCNSPRNW ULIB Ver.6.0+V

เปลี่ยนเป็นภาษาไทย

Change to English
 แสดงรายละเอียดบรรณานุกรม
  กลับหน้าหลัก

Brief Record : Get Marc (ISO 2709) : E-mail record : QR code < ปิดหน้าต่าง
LEADER : 00000nam 2200000uu 4500
001    13399126740
003     ULIB
008    190226s2019||||th 000 0 eng d
020    ^a9780702070129 ^qpaperback
020    ^a0702070122 ^qpaperback
060 10 ^aWB330^bC641
130 0  ^aClinical pharmacy and therapeutics (Walker)
245 10 ^aClinical pharmacy and therapeutics / ^cedited by Cate Whittlesea and Karen Hodson.
250    ^aSixth edition.
250    ^aInternational edition.
260     ^aOxford : ^b Elsevier, ^c 2019.
300    ^axiv, 1094 pages : ^bcolor illustrations ; ^c28 cm
504    ^aIncludes bibliographical references and index.
650 12 ^aDrug Therapy
650 12 ^aPharmaceutical Preparations
650 22 ^aPharmacological Phenomena
700 1  ^aWhittlesea, Cate,^eeditor.
700 1  ^aHodson, Karen,^eeditor.
945    ^p1989^l0^i005405
999    ^aประนอม เกษจรัล
รายการนี้ยังไม่มีแท็ก
คุณยังไม่ได้ล็อกอิน คุณสามารถมีกิจกรรมร่วมกับเว็บไซต์ได้ แต่ต้องล็อกอินก่อน ::
  ล็อกอิน

รายการสื่อสารสนเทศ

ลำดับที่ ประเภท เลขเรียก/บาร์โค้ด สถานที่ สถานะ
1. วิทยาศาสตร์การแพทย์ และสุขภาพ
หนังสือสำรอง
สถานะ=หนังสือสำรอง
WB330 C641 ฉ.1 
  Barcode: 005405
ห้องสมุดวิทยาเขตสวรรค์ประชารักษ์
►หนังสือทั่วไป
บนชั้น

รายการใกล้เคียง
    หัวเรื่อง [Drug Therapy]
    หัวเรื่อง [Pharmaceutical Preparations]
    หัวเรื่อง [Pharmacological Phenomena]

BibComment


ยังไม่เคยถูกคอมเมนท์

คอมเมนท์ทรัพยากรรายการนี้
  คอมเมนท์: Clinical pharmac..


 Copyright 2026. Bcnsprnw @Library